000 00389nam a2200169Ia 4500
003 0STCL
008 150530s9999 xx 000 0 und d
040 _aSTCL
_cSTCL
100 _aCline, C.L.
245 _aByron Shelley and their pisan circle
250 _aFirst
260 _bJohn Murray
_c1952
546 _aEnglish
942 _2ddc
_cBK
999 _c61652
_d61652
005 20220125171155.0